[Event "41st Guernsey Intl. -  Holiday  2015"]
[Site "Guernsey, GCI"]
[Date "2015.10.23"]
[Round "6"]
[White "Dennis, Nigel W"]
[Black "Kirk, Matthew"]
[Result "1-0"]
[WhiteElo "1809"]
[BlackElo "1749"]
[PlyCount "79"]
[EventDate "2015.10.18"]
[EventType "swiss"]
[EventRounds "7"]

1. e4 c6 2. d4 d5 3. exd5 cxd5 4. c4 Nf6 5. Nc3 g6 6. Nf3 Bg7 7. h3 O-O 8. Be3
Nc6 9. Be2 a6 10. c5 Ne4 11. O-O b6 12. cxb6 Qxb6 13. Nxd5 Qxb2 14. Bd3 Nd6 15.
Qa4 Qb7 16. Rab1 Nb5 17. Be4 Bf5 18. Bxf5 gxf5 19. Rfc1 Ncxd4 20. Nxe7+ Qxe7
21. Nxd4 Qe4 22. Rb4 Nxd4 23. Bxd4 Rfb8 24. Rcc4 Rxb4 25. Rxb4 Bxd4 26. Rxd4
Qe1+ 27. Kh2 Qe5+ 28. g3 Rb8 29. Rf4 Rb1 30. Qc6 Qe1 31. Qg2 Qe5 32. h4 Kg7 33.
Qf3 Qe1 34. Rxf5 Qg1+ 35. Kh3 Qf1+ 36. Qg2 Qd3 37. Rg5+ Kf6 38. Qc6+ Ke7 39.
Qc5+ Ke8 40. Re5+ 1-0

[Event "41st Guernsey Intl. -  Holiday  2015"]
[Site "Guernsey, GCI"]
[Date "2015.10.23"]
[Round "6"]
[White "Nielsen, Jorgen Holmstrom"]
[Black "Kearsley, Raymond J"]
[Result "0-1"]
[WhiteElo "1889"]
[BlackElo "1718"]
[PlyCount "62"]
[EventDate "2015.10.18"]
[EventType "swiss"]
[EventRounds "7"]

1. Nc3 d5 2. e4 d4 3. Nce2 Nc6 4. Nf3 Bg4 5. Ng3 a6 6. Bc4 e6 7. h3 Bxf3 8.
gxf3 Ne5 9. Be2 d3 10. Bf1 Bc5 11. c3 Qh4 12. b4 Ba7 13. a4 Nf6 14. Rb1 Nh5 15.
Rg1 Nf4 16. b5 axb5 17. Rxb5 Qf6 18. Bb2 c6 19. Rxb7 Nfg6 20. Bg2 Nh4 21. c4
Nhxf3+ 22. Bxf3 Nxf3+ 23. Kf1 Nh2+ 24. Kg2 Qxf2+ 25. Kh1 Qxg1+ 26. Qxg1 Bxg1
27. Kxg1 Nf3+ 28. Kg2 Nxd2 29. Bxg7 Rg8 30. Nh5 O-O-O 31. Rxf7 Nxc4 0-1

[Event "41st Guernsey Intl. -  Holiday  2015"]
[Site "Guernsey, GCI"]
[Date "2015.10.23"]
[Round "6"]
[White "Lorthioir, Romuald"]
[Black "Hamann, Marcus"]
[Result "1/2-1/2"]
[WhiteElo "1491"]
[BlackElo "1872"]
[PlyCount "115"]
[EventDate "2015.10.18"]
[EventType "swiss"]
[EventRounds "7"]

1. c4 f5 2. g3 Nf6 3. Bg2 c6 4. Nc3 e6 5. Nf3 d5 6. cxd5 exd5 7. d4 Bd6 8. e3
O-O 9. O-O Be6 10. a3 Nbd7 11. b4 Ne4 12. Na4 b5 13. Nc5 Bxc5 14. bxc5 a5 15.
Bb2 Qc7 16. Ne5 Nxe5 17. dxe5 Nxc5 18. Rc1 Ne4 19. f3 Ng5 20. h4 Nf7 21. f4 Qb7
22. Bd4 Rfc8 23. Bc5 Nd8 24. Rc3 Qd7 25. Qc2 Nb7 26. Rb1 Nxc5 27. Rxc5 Qb7 28.
Qc3 Qb6 29. Qd4 Rab8 30. Qc3 b4 31. axb4 axb4 32. Qc1 Ra8 33. Qc2 Ra3 34. Kf2
b3 35. Qc3 Ra2+ 36. Kf3 b2 37. Kf2 Bd7 38. Bxd5+ cxd5 39. Rxc8+ Bxc8 40. Qxc8+
Kf7 41. Qd7+ Kf8 42. Qd6+ Qxd6 43. exd6 Ke8 44. Ke2 Kd7 45. Kd3 Kxd6 46. Kd4 h5
47. Kc3 Kc5 48. Rxb2 Rxb2 49. Kxb2 d4 50. Kc2 dxe3 51. Kd3 e2 52. Kxe2 Kd4 53.
Kd2 Ke4 54. Ke2 Kd4 55. Kd2 Ke4 56. Ke2 g6 57. Kf2 Kd3 58. Kf3 1/2-1/2

[Event "41st Guernsey Intl. -  Holiday  2015"]
[Site "Guernsey, GCI"]
[Date "2015.10.23"]
[Round "6"]
[White "Karcher, Berthold"]
[Black "Finch, Russell"]
[Result "1-0"]
[WhiteElo "1871"]
[BlackElo "1620"]
[PlyCount "81"]
[EventDate "2015.10.18"]
[EventType "swiss"]
[EventRounds "7"]

1. e4 c5 2. Nf3 d6 3. c3 Nf6 4. Be2 Nc6 5. d3 g6 6. O-O Bg7 7. h3 O-O 8. Be3 a6
9. a4 Qc7 10. Na3 Rb8 11. Rb1 Bd7 12. Qd2 Rfc8 13. Ne1 Nd8 14. Bd1 Be6 15. f4
Ne8 16. Nf3 f6 17. d4 Bf7 18. d5 b6 19. Be2 Qb7 20. c4 Qd7 21. Qd1 Nc7 22. b4
Nb7 23. b5 a5 24. g4 Kf8 25. Nc2 Ke8 26. Bd3 Kd8 27. e5 Bg8 28. exf6 exf6 29.
f5 g5 30. Nxg5 fxg5 31. Bxg5+ Ke8 32. f6 Bf8 33. Bf5 Qf7 34. Re1+ Kd8 35. Qf3
Nxd5 36. cxd5 Kc7 37. Be6 Qg6 38. Qf5 Re8 39. Qxg6 hxg6 40. f7 Bxf7 41. Bxf7
1-0

[Event "41st Guernsey Intl. -  Holiday  2015"]
[Site "Guernsey, GCI"]
[Date "2015.10.23"]
[Round "6"]
[White "Jongerius, Marc"]
[Black "Ruigrok, Jacques"]
[Result "1-0"]
[WhiteElo "1718"]
[BlackElo "1707"]
[PlyCount "53"]
[EventDate "2015.10.18"]
[EventType "swiss"]
[EventRounds "7"]

1. e4 e5 2. Nf3 Nc6 3. Bc4 Nf6 4. Ng5 d5 5. exd5 b5 6. Bf1 h6 7. Nxf7 Kxf7 8.
dxc6 Bc5 9. Qe2 Re8 10. Qxb5 Bb6 11. Bc4+ Be6 12. O-O Rb8 13. Bxe6+ Rxe6 14.
Qc4 Qe7 15. Nc3 Rd8 16. Qe2 Rxc6 17. d3 Kg8 18. Be3 Rc8 19. Rfe1 Re6 20. Ne4
Nd5 21. Qg4 Rf8 22. Nc5 Nxe3 23. Qxe6+ Qxe6 24. Nxe6 Nxc2 25. Nxf8 Nxa1 26.
Rxa1 Kxf8 27. Rc1 1-0

[Event "41st Guernsey Intl. -  Holiday  2015"]
[Site "Guernsey, GCI"]
[Date "2015.10.23"]
[Round "6"]
[White "Norman, Dinah M"]
[Black "Joyeux, Gerard"]
[Result "0-1"]
[WhiteElo "1839"]
[BlackElo "1594"]
[PlyCount "94"]
[EventDate "2015.10.18"]
[EventType "swiss"]
[EventRounds "7"]

1. d4 Nf6 2. Nf3 c5 3. c3 cxd4 4. cxd4 g6 5. Nc3 Bg7 6. e3 O-O 7. Be2 d6 8. O-O
a6 9. Bd2 b5 10. a3 Bb7 11. Rc1 Nbd7 12. Be1 Nb6 13. b3 Qd7 14. h3 Rfc8 15. Na2
Rxc1 16. Nxc1 Rc8 17. Ba5 Nbd5 18. Na2 Ne4 19. Qd3 Qe6 20. Rc1 Rxc1+ 21. Nxc1
Bh6 22. Na2 Ndf6 23. Bd2 Ng5 24. Nxg5 Bxg5 25. Qc2 Qd7 26. Nc3 Bc6 27. b4 Qb7
28. Bf1 Ne8 29. Bc1 e6 30. Bd2 Ng7 31. Bc1 Nf5 32. g3 Bf6 33. Kh2 h5 34. Bd2
Bd8 35. Bc1 Bc7 36. f4 e5 37. dxe5 dxe5 38. Bg2 Bb6 39. Bxc6 Qxc6 40. e4 Ne3
41. Bxe3 Bxe3 42. Qd3 exf4 43. Nd5 fxg3+ 44. Kxg3 Bg5 45. e5 Kg7 46. Qf3 Qc1
47. Kg2 Qb2+ 0-1

[Event "41st Guernsey Intl. -  Holiday  2015"]
[Site "Guernsey, GCI"]
[Date "2015.10.23"]
[Round "6"]
[White "Bakkes, Frits"]
[Black "Goman, Colin"]
[Result "1-0"]
[WhiteElo "1632"]
[BlackElo "1804"]
[PlyCount "79"]
[EventDate "2015.10.18"]
[EventType "swiss"]
[EventRounds "7"]

1. d4 Nf6 2. Nc3 d5 3. e4 e6 4. e5 Nfd7 5. f4 b6 6. Be3 Ba6 7. Bxa6 Nxa6 8. f5
Qe7 9. Nh3 O-O-O 10. O-O Nxe5 11. dxe5 exf5 12. Rxf5 g6 13. Bg5 Qc5+ 14. Rf2
Re8 15. Kh1 d4 16. Qe2 Nb4 17. Qg4+ Kb8 18. Na4 Qxe5 19. Bf6 Qe3 20. Bxd4 h5
21. Qd7 Qe7 22. Qxe7 Bxe7 23. Bxh8 Rxh8 24. Rxf7 Bd6 25. Rg7 Nxc2 26. Rc1 Ne3
27. Rxg6 Ng4 28. Ng5 Bxh2 29. Nc3 Rf8 30. Ne6 Rf2 31. Rxg4 hxg4 32. Kxh2 Rxb2
33. Nxc7 Kb7 34. a4 Rb3 35. N7b5 a6 36. Nd6+ Ka7 37. Nd5 Rd3 38. Rc7+ Kb8 39.
Rb7+ Ka8 40. Nxb6# 1-0

[Event "41st Guernsey Intl. -  Holiday  2015"]
[Site "Guernsey, GCI"]
[Date "2015.10.23"]
[Round "6"]
[White "Colsen, Manuel"]
[Black "Collins, Alan"]
[Result "1/2-1/2"]
[WhiteElo "1644"]
[BlackElo "1753"]
[PlyCount "53"]
[EventDate "2015.10.18"]
[EventType "swiss"]
[EventRounds "7"]

1. Nf3 d6 2. d4 Bg4 3. Nbd2 Nd7 4. g3 e5 5. dxe5 dxe5 6. Bg2 c6 7. O-O Ngf6 8.
Nc4 Qc7 9. Bg5 Be7 10. Bxf6 gxf6 11. a4 Be6 12. Nfd2 Nb6 13. Nxb6 axb6 14. c3
Rd8 15. Qc2 f5 16. e4 f4 17. Rad1 h5 18. Nf3 Rxd1 19. Rxd1 fxg3 20. hxg3 h4 21.
gxh4 Bxh4 22. Nxh4 Rxh4 23. Qd3 Rf4 24. Qg3 Ke7 25. Qg5+ Ke8 26. Qg8+ Ke7 27.
Qg5+ 1/2-1/2

[Event "41st Guernsey Intl. -  Holiday  2015"]
[Site "Guernsey, GCI"]
[Date "2015.10.23"]
[Round "6"]
[White "Vonhoff, Joerg"]
[Black "Gibzinski, Stanislaw"]
[Result "1-0"]
[WhiteElo "1728"]
[BlackElo "1281"]
[PlyCount "81"]
[EventDate "2015.10.18"]
[EventType "swiss"]
[EventRounds "7"]

1. e4 e6 2. d4 d5 3. Nd2 dxe4 4. Nxe4 Bd7 5. Bd3 Bc6 6. c3 Nd7 7. b4 Ngf6 8.
Nxf6+ Nxf6 9. Nf3 Be4 10. Bb2 Bxd3 11. Qxd3 Qd5 12. O-O Bd6 13. Rfe1 b5 14. Ne5
Bxe5 15. Rxe5 Qc4 16. Qxc4 bxc4 17. Rc5 Nd5 18. Rxc4 Rb8 19. a3 a5 20. Rc5 axb4
21. axb4 Kd7 22. b5 Rb6 23. c4 Ne7 24. Ra7 Rc8 25. Bc3 Rd6 26. g4 Nc6 27. bxc6+
Rxc6 28. Rxc6 Kxc6 29. f4 g6 30. Kf2 Kb6 31. Ra4 c5 32. Ke3 cxd4+ 33. Bxd4+ Kc6
34. Ra6+ Kd7 35. c5 Rc6 36. Rxc6 Kxc6 37. Ke4 Kd7 38. Ke5 Ke7 39. g5 f6+ 40.
gxf6+ Kd7 41. h4 1-0

[Event "41st Guernsey Intl. -  Holiday  2015"]
[Site "Guernsey, GCI"]
[Date "2015.10.23"]
[Round "6"]
[White "Beadle, John R"]
[Black "Gstalter, Herbert"]
[Result "1/2-1/2"]
[WhiteElo "1643"]
[BlackElo "1640"]
[PlyCount "51"]
[EventDate "2015.10.18"]
[EventType "swiss"]
[EventRounds "7"]

1. e4 e6 2. d4 d5 3. Nc3 Bb4 4. e5 c5 5. a3 Bxc3+ 6. bxc3 Qc7 7. Nf3 Ne7 8. Bd3
Bd7 9. O-O c4 10. Be2 Ba4 11. h3 Nd7 12. Rb1 Nb6 13. Nh4 O-O-O 14. f4 g6 15.
Nf3 h6 16. Be3 Rdg8 17. Bf2 g5 18. fxg5 hxg5 19. Qd2 g4 20. hxg4 Ng6 21. Bg3
Ne7 22. Kf2 Rg7 23. Ng5 Rhg8 24. Bh4 Ng6 25. g3 Nd7 26. Ke1 1/2-1/2

[Event "41st Guernsey Intl. -  Holiday  2015"]
[Site "Guernsey, GCI"]
[Date "2015.10.23"]
[Round "6"]
[White "O'Connell, Denis"]
[Black "Foster, Paul"]
[Result "1-0"]
[WhiteElo "1811"]
[BlackElo "1653"]
[PlyCount "101"]
[EventDate "2015.10.18"]
[EventType "swiss"]
[EventRounds "7"]

1. e4 c6 2. Nc3 d5 3. Qf3 d4 4. Bc4 e6 5. Nce2 Qf6 6. d3 Qxf3 7. Nxf3 c5 8. Bf4
Bd7 9. a4 Nc6 10. O-O Nf6 11. c3 Nh5 12. Bd2 Nf6 13. cxd4 cxd4 14. Nexd4 Nxd4
15. Nxd4 a6 16. b4 Be7 17. b5 O-O 18. bxa6 bxa6 19. Rfc1 e5 20. Nf5 Bxf5 21.
exf5 a5 22. Rab1 Bb4 23. Bxb4 axb4 24. Rxb4 Rfd8 25. f3 Nd5 26. Bxd5 Rxd5 27.
Rc3 h6 28. Kf2 Rda5 29. Ra3 Rc5 30. Re4 f6 31. g4 Rc2+ 32. Re2 Rc1 33. Ke3 Ra5
34. Rb2 Rh1 35. Re2 Kh7 36. f4 h5 37. gxh5 Rf1 38. Rf2 exf4+ 39. Kf3 Rxf2+ 40.
Kxf2 Kh6 41. Kf3 Kg5 42. h4+ Kxf5 43. d4 Rd5 44. a5 Rxd4 45. a6 Rd8 46. a7 Ra8
47. Ra5+ Ke6 48. Kxf4 f5 49. Ra6+ Kf7 50. Kxf5 Kg8 51. Ke6 1-0

[Event "41st Guernsey Intl. -  Holiday  2015"]
[Site "Guernsey, GCI"]
[Date "2015.10.23"]
[Round "6"]
[White "Namazbayeva, Sholpan"]
[Black "Reutimann, Hans Peter"]
[Result "1/2-1/2"]
[WhiteElo "1449"]
[BlackElo "1780"]
[PlyCount "124"]
[EventDate "2015.10.18"]
[EventType "swiss"]
[EventRounds "7"]

1. d4 d5 2. c4 e6 3. Nf3 Nf6 4. e3 c6 5. Bd3 Bd6 6. b3 Nbd7 7. O-O O-O 8. Nc3
b6 9. e4 dxe4 10. Nxe4 Nxe4 11. Bxe4 Qc7 12. Bb2 Nf6 13. Bc2 Bb7 14. Qd3 g6 15.
c5 Be7 16. b4 Rad8 17. Qc3 Nd5 18. Qb3 b5 19. Rfe1 Bc8 20. Bc1 Bf6 21. Bh6 Bg7
22. Bxg7 Kxg7 23. Ng5 Nf6 24. Rad1 Rd5 25. Nf3 Kg8 26. Ne5 Rdd8 27. Re3 Nd5 28.
Rg3 Ne7 29. Qf3 Bb7 30. Ng4 Nf5 31. Bxf5 exf5 32. Nh6+ Kh8 33. Rh3 Qe7 34. Kf1
Qe4 35. Qc3 Rd5 36. Re1 Qxd4 37. Qxd4+ Rxd4 38. Re7 Bc8 39. Nxf7+ Kg8 40. Ng5
h5 41. a3 Rd5 42. f4 Bd7 43. Rhe3 Rf6 44. Kf2 a6 45. Kg3 Rd2 46. Nf3 Rd5 47. h4
Rd1 48. Ne5 Re6 49. Rxe6 Bxe6 50. Nxc6 Bd5 51. Ne7+ Kf7 52. Nxd5 Rxd5 53. Kf3
Rd8 54. c6 Rc8 55. Rc3 Ke6 56. Ke3 Kd6 57. Kd4 Kc7 58. Ke5 Rd8 59. Kf6 Rd6+ 60.
Kg5 Re6 61. g3 Rd6 62. Re3 Kxc6 1/2-1/2

[Event "41st Guernsey Intl. -  Holiday  2015"]
[Site "Guernsey, GCI"]
[Date "2015.10.23"]
[Round "6"]
[White "Van Beek, Ronald"]
[Black "Wale, Ray"]
[Result "1/2-1/2"]
[WhiteElo "1297"]
[BlackElo "1660"]
[PlyCount "54"]
[EventDate "2015.10.18"]
[EventType "swiss"]
[EventRounds "7"]

1. d4 d5 2. Nf3 Nf6 3. Bf4 h6 4. h3 Nc6 5. e3 a6 6. Bd3 e6 7. O-O Bd6 8. Bh2
Bxh2+ 9. Nxh2 Qd6 10. Nd2 Bd7 11. c4 O-O 12. c5 Qe7 13. a3 e5 14. Nb3 e4 15.
Bc2 Nh7 16. f3 f5 17. f4 Qh4 18. Qe1 Qe7 19. Qg3 Kh8 20. Bd1 Rg8 21. Kh1 Raf8
22. Rg1 Nf6 23. Qf2 Be8 24. Be2 Bh5 25. Bxh5 Nxh5 26. g4 fxg4 27. hxg4 Nf6
1/2-1/2

[Event "41st Guernsey Intl. -  Holiday  2015"]
[Site "Guernsey, GCI"]
[Date "2015.10.23"]
[Round "6"]
[White "Wood, Stuart E"]
[Black "Day, Fred G"]
[Result "1/2-1/2"]
[WhiteElo "1543"]
[BlackElo "1510"]
[PlyCount "84"]
[EventDate "2015.10.18"]
[EventType "swiss"]
[EventRounds "7"]

1. d4 Nf6 2. Bg5 d6 3. Bxf6 gxf6 4. e3 Bf5 5. Bd3 Bg6 6. f4 f5 7. Nf3 e6 8.
Nbd2 Nd7 9. c3 Be7 10. Qb3 Nb6 11. c4 c6 12. d5 cxd5 13. cxd5 Nxd5 14. Bb5+ Kf8
15. Bc4 Nf6 16. Be2 b5 17. O-O a6 18. Nd4 Nd5 19. Nc6 Qb6 20. Nd4 Bf6 21. N2f3
Kg7 22. Rac1 Rhc8 23. Rxc8 Rxc8 24. Ng5 h6 25. Ngxe6+ fxe6 26. Nxe6+ Kg8 27.
Nd4 Bf7 28. Nxf5 Bg7 29. Qd3 Re8 30. Bh5 Rxe3 31. Bxf7+ Kxf7 32. Qxd5+ Re6+ 33.
Kh1 Qc5 34. Qb7+ Kf6 35. Qxg7+ Kxf5 36. Qh7+ Rg6 37. Qf7+ Rf6 38. g4+ Kxg4 39.
Qxf6 Qd5+ 40. Kg1 Qc5+ 41. Rf2 Qc1+ 42. Rf1 Qe3+ 1/2-1/2

[Event "41st Guernsey Intl. -  Holiday  2015"]
[Site "Guernsey, GCI"]
[Date "2015.10.23"]
[Round "6"]
[White "Akeya Price, Robert"]
[Black "Abbas, Ahmed C"]
[Result "0-1"]
[WhiteElo "1517"]
[BlackElo "1486"]
[PlyCount "42"]
[EventDate "2015.10.18"]
[EventType "swiss"]
[EventRounds "7"]

1. d4 Nf6 2. c4 g6 3. Nc3 Bg7 4. e4 d6 5. f3 O-O 6. Be3 Nc6 7. Bd3 e5 8. d5 Ne7
9. g4 c6 10. Nge2 Nd7 11. dxc6 Nxc6 12. Bb1 Nb6 13. b3 Qf6 14. Ng3 Nd4 15. Bxd4
exd4 16. g5 Qxg5 17. Nb5 Qc5 18. a4 a6 19. Na3 d3 20. Ra2 Bc3+ 21. Kf1 Bh3+ 0-1

[Event "41st Guernsey Intl. -  Holiday  2015"]
[Site "Guernsey, GCI"]
[Date "2015.10.23"]
[Round "6"]
[White "Lorthioir, Gwenegan"]
[Black "Harnden, Terry"]
[Result "1/2-1/2"]
[WhiteElo "1292"]
[BlackElo "1480"]
[PlyCount "42"]
[EventDate "2015.10.18"]
[EventType "swiss"]
[EventRounds "7"]

1. d4 Nf6 2. c4 e6 3. Nc3 Bb4 4. Bd2 O-O 5. e3 b6 6. Nf3 Ba6 7. Be2 d5 8. cxd5
Bxe2 9. Nxe2 Bxd2+ 10. Qxd2 exd5 11. Nc3 Nbd7 12. O-O c6 13. Rac1 Rc8 14. Rc2
c5 15. Rfc1 c4 16. b3 a6 17. bxc4 dxc4 18. a4 Re8 19. h3 Nb8 20. Ne5 Nbd7 21.
Nf3 Nb8 1/2-1/2

[Event "41st Guernsey Intl. -  Holiday  2015"]
[Site "Guernsey, GCI"]
[Date "2015.10.23"]
[Round "6"]
[White "Gunn, Michael J"]
[Black "Jones, Sid"]
[Result "1-0"]
[WhiteElo "1665"]
[BlackElo "1435"]
[PlyCount "57"]
[EventDate "2015.10.18"]
[EventType "swiss"]
[EventRounds "7"]

1. b3 e5 2. Bb2 Nc6 3. c4 d6 4. g3 Nf6 5. Bg2 Be7 6. Nc3 O-O 7. e3 Bf5 8. d3
Rb8 9. a3 a6 10. Nge2 Qd7 11. h3 Rfd8 12. e4 Bg6 13. f4 h6 14. f5 Bh7 15. g4
Ne8 16. O-O Bg5 17. Bc1 Bxc1 18. Qxc1 Qe7 19. Nd5 Qh4 20. Qe3 Ne7 21. Nxe7+
Qxe7 22. Qg3 Nf6 23. Rf3 Rd7 24. h4 Rf8 25. Raf1 Qd8 26. g5 Nh5 27. Qg4 hxg5
28. Qxh5 gxh4 29. Rh3 1-0

[Event "41st Guernsey Intl. -  Holiday  2015"]
[Site "Guernsey, GCI"]
[Date "2015.10.23"]
[Round "6"]
[White "Rowe, Oliver"]
[Black "Bennett, David W"]
[Result "1-0"]
[WhiteElo "1561"]
[BlackElo "1360"]
[PlyCount "67"]
[EventDate "2015.10.18"]
[EventType "swiss"]
[EventRounds "7"]

1. d4 c5 2. d5 Nf6 3. Nc3 d6 4. e4 Nbd7 5. f4 Nb6 6. Bb5+ Bd7 7. Bxd7+ Nbxd7 8.
Nf3 Nb6 9. b3 c4 10. Bb2 Qc8 11. Qd2 e6 12. O-O-O Be7 13. e5 dxe5 14. d6 Bd8
15. fxe5 Nfd7 16. Rhf1 O-O 17. Ne4 cxb3 18. axb3 Nd5 19. Nfg5 Bb6 20. Kb1 Ne3
21. Rxf7 Nxd1 22. Rxg7+ Kh8 23. Rxh7+ Kg8 24. Qxd1 Qe8 25. Qg4 Qg6 26. Rxd7 Be3
27. Qxe6+ Qxe6 28. Nxe6 Rf7 29. Nf6+ Rxf6 30. exf6 Bh6 31. Rd8+ Rxd8 32. Nxd8
Bf8 33. Nxb7 Kf7 34. d7 1-0

[Event "41st Guernsey Intl. -  Holiday  2015"]
[Site "Guernsey, GCI"]
[Date "2015.10.23"]
[Round "6"]
[White "Brown, Jim"]
[Black "Jones, Tim"]
[Result "0-1"]
[WhiteElo "1195"]
[BlackElo "1518"]
[PlyCount "72"]
[EventDate "2015.10.18"]
[EventType "swiss"]
[EventRounds "7"]

1. Nf3 d5 2. d4 h6 3. e3 Nf6 4. Nbd2 Bf5 5. Be2 e6 6. b3 Nc6 7. a3 Bd6 8. h3 b6
9. Bb2 O-O 10. O-O Rb8 11. Rc1 Re8 12. Re1 Rc8 13. c4 Nd7 14. c5 Be7 15. b4 Bf6
16. Ra1 e5 17. dxe5 Ndxe5 18. Nxe5 Nxe5 19. Nf3 Nxf3+ 20. Bxf3 Bxb2 21. Ra2 Bc3
22. Rf1 c6 23. Qc1 Be5 24. Rd1 Qg5 25. e4 Bf4 26. h4 Qxh4 27. g3 Bxc1 28. gxh4
dxe4 29. Rxc1 exf3 30. Raa1 h5 31. Re1 Kf8 32. Rxe8+ Rxe8 33. Kh2 Be4 34. Kg3
Bd5 35. Kf4 g6 36. Rd1 Kg7 0-1

[Event "41st Guernsey Intl. -  Holiday  2015"]
[Site "Guernsey, GCI"]
[Date "2015.10.24"]
[Round "7"]
[White "Wickham, Michael"]
[Black "Newell, David F"]
[Result "1/2-1/2"]
[WhiteElo "1728"]
[BlackElo "1867"]
[PlyCount "20"]
[EventDate "2015.10.18"]
[EventType "swiss"]
[EventRounds "7"]

1. e4 c5 2. Nf3 Nc6 3. d4 cxd4 4. Nxd4 g6 5. c4 Bg7 6. Be3 Nf6 7. Nc3 Ng4 8.
Qxg4 Nxd4 9. Qd1 e5 10. Nd5 O-O 1/2-1/2

[Event "41st Guernsey Intl. -  Holiday  2015"]
[Site "Guernsey, GCI"]
[Date "2015.10.24"]
[Round "7"]
[White "Van Hoek, Wim"]
[Black "Dennis, Nigel W"]
[Result "1-0"]
[WhiteElo "1869"]
[BlackElo "1809"]
[PlyCount "131"]
[EventDate "2015.10.18"]
[EventType "swiss"]
[EventRounds "7"]

1. e4 c5 2. Nf3 d6 3. c3 Nf6 4. Be2 Nc6 5. d4 e6 6. d5 exd5 7. exd5 Nb8 8. O-O
Be7 9. c4 O-O 10. Nc3 Bg4 11. h3 Bxf3 12. Bxf3 Nbd7 13. Bf4 Re8 14. Re1 a6 15.
a4 Qc7 16. Qc2 Nf8 17. g4 Ng6 18. Bg3 Nd7 19. Be4 Ndf8 20. Bxg6 Nxg6 21. Re2
Qd7 22. Rae1 Bf8 23. Rxe8 Rxe8 24. Rxe8 Qxe8 25. Qe4 Qd7 26. h4 Be7 27. h5 Ne5
28. Bxe5 dxe5 29. Qf5 Qxf5 30. gxf5 b6 31. Ne4 Kf8 32. a5 bxa5 33. d6 Bd8 34.
Nxc5 Ke8 35. Ne4 Kd7 36. f3 Kc6 37. b3 Bh4 38. Kf1 h6 39. Ke2 Kd7 40. c5 Kc6
41. Kd3 f6 42. Kc4 Be1 43. Nc3 Bf2 44. Na4 Be3 45. d7 Kxd7 46. Kd5 Bd2 47. Nb6+
Kc7 48. Nc4 Bb4 49. Nd6 Kd8 50. Kc6 Ba3 51. Nb7+ Kc8 52. Nxa5 Bb4 53. Nc4 Kb8
54. Nd6 Ba5 55. Ne8 Bd8 56. Nxg7 Kc8 57. Ne6 Ba5 58. Kd6 Bb4 59. Ke7 Bc3 60.
Kd6 Bb4 61. Nf8 Be1 62. Nh7 Bh4 63. Ke6 Kc7 64. Nxf6 Kc6 65. Ne4 Kb5 66. f6 1-0

[Event "41st Guernsey Intl. -  Holiday  2015"]
[Site "Guernsey, GCI"]
[Date "2015.10.24"]
[Round "7"]
[White "Hoogakker, Peter"]
[Black "Stuart, Brian"]
[Result "0-1"]
[WhiteElo "1755"]
[BlackElo "1758"]
[PlyCount "76"]
[EventDate "2015.10.18"]
[EventType "swiss"]
[EventRounds "7"]

1. e4 c5 2. Nf3 Nc6 3. c3 d5 4. exd5 Qxd5 5. d4 e6 6. Be2 Nf6 7. O-O cxd4 8.
cxd4 Qd8 9. Nc3 Be7 10. h3 O-O 11. Be3 a6 12. Rc1 Nd5 13. Nxd5 exd5 14. Bd3 Be6
15. Qc2 g6 16. a3 Rc8 17. Qd2 Bf6 18. Bh6 Bg7 19. Bb1 Bxh6 20. Qxh6 Qf6 21.
Rfd1 Rfe8 22. b4 Nb8 23. Ne5 Qe7 24. h4 Nd7 25. Re1 Nxe5 26. Rxe5 Rxc1+ 27.
Qxc1 Qxh4 28. Qd2 Rc8 29. Ba2 Qd8 30. Re3 Qc7 31. g3 Qc1+ 32. Qxc1 Rxc1+ 33.
Kg2 Rd1 34. Rc3 Rxd4 35. Rc7 Rd3 36. Rxb7 Rxa3 37. Bb1 Bg4 38. Ra7 Bf3+ 0-1

[Event "41st Guernsey Intl. -  Holiday  2015"]
[Site "Guernsey, GCI"]
[Date "2015.10.24"]
[Round "7"]
[White "Kearsley, Raymond J"]
[Black "Hermes, Geoff R"]
[Result "0-1"]
[WhiteElo "1718"]
[BlackElo "1884"]
[PlyCount "78"]
[EventDate "2015.10.18"]
[EventType "swiss"]
[EventRounds "7"]

1. e4 d6 2. d4 Nf6 3. Nc3 c6 4. Nf3 Bg4 5. Be3 e6 6. Be2 Be7 7. O-O O-O 8. Nd2
Bxe2 9. Qxe2 d5 10. e5 Nfd7 11. f4 Qb6 12. Nb3 a5 13. Na4 Qc7 14. Rac1 b5 15.
Nac5 a4 16. Nd2 Nxc5 17. dxc5 Nd7 18. b4 axb3 19. Nxb3 Rxa2 20. Bd4 Ra4 21. c3
Ra3 22. Rb1 Rfa8 23. f5 Ra2 24. Rb2 Rxb2 25. Qxb2 Nxe5 26. fxe6 fxe6 27. Qe2
Bf6 28. Re1 Nd7 29. Qxe6+ Kf8 30. Bxf6 Nxf6 31. Nd4 Qd7 32. Qxc6 Qxc6 33. Nxc6
Ne4 34. Nd4 Nxc3 35. Rc1 b4 36. Kf1 Ke8 37. Nc6 b3 38. Rxc3 b2 39. Rb3 Ra1+ 0-1

[Event "41st Guernsey Intl. -  Holiday  2015"]
[Site "Guernsey, GCI"]
[Date "2015.10.24"]
[Round "7"]
[White "Baart, Edwin"]
[Black "Karcher, Berthold"]
[Result "0-1"]
[WhiteElo "1675"]
[BlackElo "1871"]
[PlyCount "32"]
[EventDate "2015.10.18"]
[EventType "swiss"]
[EventRounds "7"]

1. d4 Nf6 2. Nf3 g6 3. c4 Bg7 4. Nc3 d5 5. Bg5 c6 6. cxd5 Nxd5 7. Nxd5 Qxd5 8.
Qd2 h6 9. Bf4 Nd7 10. e3 Nf6 11. Bd3 Bg4 12. Be2 Ne4 13. Qb4 b6 14. h3 Be6 15.
O-O f6 16. Nd2 a5 0-1

[Event "41st Guernsey Intl. -  Holiday  2015"]
[Site "Guernsey, GCI"]
[Date "2015.10.24"]
[Round "7"]
[White "Goris Schouwstra, Adry"]
[Black "Jongerius, Marc"]
[Result "1/2-1/2"]
[WhiteElo "1835"]
[BlackElo "1718"]
[PlyCount "38"]
[EventDate "2015.10.18"]
[EventType "swiss"]
[EventRounds "7"]

1. d4 d5 2. e3 Nf6 3. Be2 Bf5 4. Nf3 h6 5. Bd3 Bxd3 6. Qxd3 c6 7. O-O e6 8.
Nbd2 Bd6 9. e4 dxe4 10. Nxe4 Nxe4 11. Qxe4 Nd7 12. c3 Nf6 13. Qe2 Qc7 14. h3
O-O 15. c4 b6 16. Be3 c5 17. dxc5 Bxc5 18. Bxc5 Qxc5 19. Rfd1 Rfd8 1/2-1/2

[Event "41st Guernsey Intl. -  Holiday  2015"]
[Site "Guernsey, GCI"]
[Date "2015.10.24"]
[Round "7"]
[White "Hamann, Marcus"]
[Black "Bakkes, Frits"]
[Result "1/2-1/2"]
[WhiteElo "1872"]
[BlackElo "1632"]
[PlyCount "99"]
[EventDate "2015.10.18"]
[EventType "swiss"]
[EventRounds "7"]

1. e4 e5 2. Nf3 Nc6 3. d4 exd4 4. Nxd4 Be7 5. Nc3 Nf6 6. Nf5 O-O 7. Bd3 Bb4 8.
Bg5 d5 9. exd5 Re8+ 10. Ne3 Qxd5 11. Bxf6 Qxg2 12. Kd2 Qxf2+ 13. Qe2 Qxf6 14.
Raf1 Qh6 15. Qf2 Ne5 16. Rhg1 Bh3 17. Qf4 Qxf4 18. Rxf4 Nxd3 19. cxd3 Bc5 20.
Ncd5 Bxe3+ 21. Nxe3 Rad8 22. Rg3 Be6 23. b3 Rd6 24. Kc3 a5 25. d4 b5 26. Rg5 f6
27. Rxf6 Bxb3 28. Rxd6 cxd6 29. Nf5 Bxa2 30. Nxd6 b4+ 31. Kd2 Rd8 32. Nf5 Rd7
33. Nh6+ Kh8 34. Rxa5 Bg8 35. Nxg8 Kxg8 36. Kd3 Rb7 37. Re5 b3 38. Re1 g5 39.
Kc3 Kf7 40. Rb1 Ke6 41. Rxb3 Rxb3+ 42. Kxb3 g4 43. Kc3 h5 44. Kd3 h4 45. Ke3
Kf5 46. d5 Ke5 47. d6 Kxd6 48. Kf4 g3 49. hxg3 hxg3 50. Kxg3 1/2-1/2

[Event "41st Guernsey Intl. -  Holiday  2015"]
[Site "Guernsey, GCI"]
[Date "2015.10.24"]
[Round "7"]
[White "Kirk, Matthew"]
[Black "Lorthioir, Romuald"]
[Result "1-0"]
[WhiteElo "1749"]
[BlackElo "1491"]
[PlyCount "93"]
[EventDate "2015.10.18"]
[EventType "swiss"]
[EventRounds "7"]

1. d4 d5 2. c4 c6 3. Nc3 Nf6 4. cxd5 cxd5 5. Nf3 Nc6 6. Bf4 Bf5 7. Qb3 Bc8 8.
Nb5 Qa5+ 9. Nc3 Qb4 10. e3 e6 11. Bb5 Qxb3 12. axb3 Bd7 13. O-O Be7 14. Bxc6
Bxc6 15. Rfc1 O-O 16. Ne5 Rfc8 17. h3 Ne8 18. Rc2 Bd6 19. Rac1 f6 20. Nd3 Bxf4
21. Nxf4 Kf7 22. Nd3 b6 23. Nxd5 Bb7 24. Nc7 Rab8 25. Nxe8 Kxe8 26. Nf4 Rxc2
27. Rxc2 Rc8 28. Rc3 Kd7 29. Kf1 g6 30. g3 Rxc3 31. bxc3 Kd6 32. Ke1 Bc6 33.
Kd2 Be4 34. c4 Bb7 35. Kc3 Bc8 36. b4 a6 37. h4 Bb7 38. c5+ bxc5 39. bxc5+ Kd7
40. Kb4 Bc8 41. Ka5 Kc6 42. Nd3 e5 43. Nb4+ Kd7 44. Nxa6 Bb7 45. Nb4 Bf3 46.
Kb6 Kc8 47. d5 1-0